Наука побеждать | Письма (Запись № 4573143)

Подробности
000 -МАРКЕР
контрольное поле 02313nam0a2200445 4500
001 - ИДЕНТИФИКАТОР ЗАПИСИ
контрольное поле RU\NLR\bibl\2048916
005 - ИДЕНТИФИКАТОР ВЕРСИИ
контрольное поле 20260406165237.0
010 ## - МЕЖДУНАРОДНЫЙ СТАНДАРТНЫЙ НОМЕР КНИГИ (ISBN)
Номер (ISBN) 978-5-903929-10-8
Тираж 777
021 ## - НОМЕР ГОСУДАРСТВЕННОЙ РЕГИСТРАЦИИ
Код страны российская федерация
Номер 2013-41044
Номер Листа государственной регистраци 2829
035 ## - ДРУГИЕ СИСТЕМНЫЕ НОМЕРА
Идентификатор записи (nilc)RuMoRGB-006586335
035 ## - ДРУГИЕ СИСТЕМНЫЕ НОМЕРА
Идентификатор записи (NLR Aleph) 002036003
100 ## - ДАННЫЕ ОБЩЕЙ ОБРАБОТКИ
Данные общей обработки 20110314d2011 |||y0rusy50 ca
101 0# - ЯЗЫК РЕСУРСА
Язык текста, звукозаписи и т.д. русский
-- английский
102 ## - СТРАНА ПУБЛИКАЦИИ ИЛИ ПРОИЗВОДСТВА
Страна публикации российская федерация
105 ## - ПОЛЕ КОДИРОВАННЫХ ДАННЫХ: ТЕКСТОВЫЕ МАТЕРИАЛЫ, МОНОГРАФИЧЕСКИЕ
Кодированные данные о монографическом текстовом документе c zzzz|||||
200 1# - ЗАГЛАВИЕ И СВЕДЕНИЯ ОБ ОТВЕТСТВЕННОСТИ
Основное заглавие Наука побеждать
Параллельное заглавие The art of victory
Основное заглавие Письма
Параллельное заглавие Letters
Сведения, относящиеся к заглавию переиздание 1809 г. с предисловием и современными комментариями
Первые сведения об ответственности А.В. Суворов
Последующие сведения об ответственности [ред. Э. Л. Павлова]
Язык параллельного заглавия английский
210 ## - ПУБЛИКАЦИЯ, РАСПРОСТРАНЕНИЕ И ДР.
Место издания, распространения и т.д. Вятка
Имя издателя, распространителя и т. д. Буквица
Дата издания, распространения и т.д. 2011
215 ## - ФИЗИЧЕСКАЯ ХАРАКТЕРИСТИКА
Специфическое обозначение материала и объем 141 с.
Другие сведения о физической характеристике портр.
Размеры 16
300 ## - ОБЩИЕ ПРИМЕЧАНИЯ
Текст примечания Авт. также на англ. яз.: A.V. Suvorov
300 ## - ОБЩИЕ ПРИМЕЧАНИЯ
Текст примечания На с. 63 авт.: Генералиссимус, Князь Италийский, Граф Суворов-Рымникский
300 ## - ОБЩИЕ ПРИМЕЧАНИЯ
Текст примечания Текст частично парал. англ.
320 ## - ПРИМЕЧАНИЯ О НАЛИЧИИ В ДОКУМЕНТЕ БИБЛИОГРАФИИ / УКАЗАТЕЛЯ
Текст примечания Библиогр. в подстроч. примеч.
510 1# - ПАРАЛЛЕЛЬНОЕ ЗАГЛАВИЕ
Связь между полями z11790
Параллельное заглавие Art of victory
Язык заглавия английский
510 1# - ПАРАЛЛЕЛЬНОЕ ЗАГЛАВИЕ
Связь между полями z22790
Параллельное заглавие Letters
Язык заглавия английский
600 #1 - ИМЯ ЛИЦА КАК ПРЕДМЕТ
Начальный элемент ввода Суворов
Часть имени, кроме начального элемента ввода А. В.
Даты 1730 - 1800
Расширение инициалов личного имени Александр Васильевич
Формальный подзаголовок Переписка
Системный номер авторитетной/нормативной записи 1004151
Идентификатор авторитетной/нормативной записи RU\NLR\auth\6663551
604 ## - ИМЯ И ЗАГЛАВИЕ КАК ПРЕДМЕТ
Связываемые данные 700#1$aСуворов$gАлександр Васильевич$bА. В.$f1730 - 1800
-- 50010$aНаука побеждать$2nlr_sh2$3RU\NLR\AUTH\661057562
Имя лица Суворов, Александр Васильевич (1730 - 1800)
Заглавие Наука побеждать
Системный номер авторитетной/нормативной записи 1705669
Идентификатор авторитетной/нормативной записи RU\NLR\AUTH\661057562
686 ## - ИНДЕКСЫ ДРУГИХ КЛАССИФИКАЦИЙ
Индекс Ц1,8(2)2
686 ## - ИНДЕКСЫ ДРУГИХ КЛАССИФИКАЦИЙ
Индекс Ц35(2)46-424дСуворов
700 #1 - ИМЯ ЛИЦА - ПЕРВИЧНАЯ ОТВЕТСТВЕННОСТЬ
Код отношения Автор
Материалы, к которым относится поле rus
Графика поля Кириллица
Начальный элемент ввода Суворов
Часть имени, кроме начального элемента ввода А. В.
Дополнения к именам, кроме дат генералиссимус
Даты 1730-1800
Расширение инициалов личного имени Александр Васильевич
Идентификатор авторитетной/нормативной записи RU\NLR\auth\7711543
Системный номер авторитетной/нормативной записи 121285
790 #1 - ИМЯ ЛИЦА - АЛЬТЕРНАТИВНАЯ ФОРМА
Код отношения Автор
Материалы, к которым относится поле rus
Графика поля Латинская
Начальный элемент ввода Suvorov
Часть имени, кроме начального элемента ввода A. V.
Дополнения к именам, кроме дат генералиссимус
Даты 1730-1800
Расширение инициалов личного имени Aleksandr Vasil'evič
Идентификатор авторитетной/нормативной записи RU\NLR\auth\77124534
Системный номер авторитетной/нормативной записи 107459
790 #1 - ИМЯ ЛИЦА - АЛЬТЕРНАТИВНАЯ ФОРМА
Связь между полями z22510
Начальный элемент ввода Suvorov
Код отношения Автор
801 #0 - ИСТОЧНИК ЗАПИСИ
Страна российская федерация
Организация RuMoRKP
Дата составления 20110314
Правила каталогизации RCR
801 #2 - ИСТОЧНИК ЗАПИСИ
Страна российская федерация
Организация РГБ
Дата составления 20130606
Правила каталогизации rcr
801 #1 - ИСТОЧНИК ЗАПИСИ
Страна российская федерация
Организация RuMoRKP
Дата составления 20110314
Источник данных rusmarc
801 #2 - ИСТОЧНИК ЗАПИСИ
Страна российская федерация
Организация NLR
Дата составления 20130701
Правила каталогизации rcr
942 ## - ДОПОЛНИТЕЛЬНЫЕ ЭЛЕМЕНТЫ ЗАПИСИ (АБИС)
Тип экземпляра АБИС Книга
980 ## - КОЛЛЕКЦИЯ
Название коллекции НБР
980 ## - КОЛЛЕКЦИЯ
Название коллекции Национальная библиография
Экземпляры
Тип экземпляра Дата поступления Источник поступления Библиотека постоянного хранения Библиотека текущего хранения Место хранения Шифр хранения Штрих-код Статус не для выдачи
Книга 01.07.2013 Обязательный экземпляр РНБ (Московский) РНБ (Московский) Русский книжный фонд: издания с 1957 года, 8этаж 2013-2/2294 1-1040603  
Книга 01.07.2013 Обязательный экземпляр РНБ (Московский) РНБ (Московский) Русский книжный фонд: издания с 1957 года, 8этаж 2013-2/2294 3913029